[Event "Quebec-ch w"]
[Site "Montreal CAN"]
[Date "1999.05.30"]
[Round "5"]
[White "Charest, Johanne"]
[Black "Leger, Manon"]
[Result "1-0"]
[WhiteElo "1921"]
[BlackElo "1951"]
[PlyCount "119"]
[GameId "2160767911808954"]
[EventDate "1999.05.28"]
[EventType "swiss"]
[EventRounds "5"]
[EventCountry "CAN"]

1. e4 e5 2. Nf3 Nf6 3. Nxe5 d6 4. Nf3 Nxe4 5. Nc3 Nxc3 6. dxc3 Be7 7. Be3 Nc6 8. Be2 O-O 9. O-O Bg4 10. Nd4 Bxe2 11. Qxe2 Ne5 12. Rad1 Qd7 13. h3 Rad8 14. Rfe1 Bf6 15. Nf3 Qc6 16. Nxe5 dxe5 17. Qg4 Rd6 18. Rxd6 cxd6 19. Bxa7 Ra8 20. Be3 Rxa2 21. Qb4 Ra4 22. Qb3 Qa6 23. Kh2 e4 24. Bf4 g5 25. Bg3 Qc6 26. Rd1 Be5 27. Bxe5 dxe5 28. Rd8+ Kg7 29. Qd5 Qxd5 30. Rxd5 Kf6 31. Rd6+ Ke7 32. Rb6 Ra7 33. g4 h5 34. Kg2 hxg4 35. hxg4 Ra1 36. Rxb7+ Ke6 37. c4 Rc1 38. Rb6+ Kd7 39. c3 Rc2 40. Kg3 Rd2 41. c5 Rd3+ 42. Kg2 e3 43. fxe3 Rxe3 44. Rf6 Re2+ 45. Rf2 Re4 46. Kg3 Kc6 47. b4 Rc4 48. Rf3 e4 49. Rf6+ Kb5 50. Rxf7 Rxc3+ 51. Kf2 Kxb4 52. Re7 e3+ 53. Rxe3 Rxe3 54. Kxe3 Kxc5 55. Ke4 Kd6 56. Kf5 Ke7 57. Kxg5 Kf7 58. Kh6 Kg8 59. Kg6 Kh8 60. Kf7 1-0

[Event "Quebec-ch w"]
[Site "Montreal CAN"]
[Date "1999.05.30"]
[Round "5"]
[White "Lavrovsky, Alexandra"]
[Black "Trottier, Julie"]
[Result "0-1"]
[WhiteElo "1449"]
[BlackElo "1935"]
[PlyCount "88"]
[GameId "2160767911808955"]
[EventDate "1999.05.28"]
[EventType "swiss"]
[EventRounds "5"]
[EventCountry "CAN"]

1. e4 c5 2. Nf3 e6 3. d4 cxd4 4. Nxd4 Nf6 5. Nc3 Bb4 6. e5 Nd5 7. Qg4 O-O 8. Bh6 g6 9. Bxf8 Qxf8 10. Nde2 Nc6 11. Qe4 Qc5 12. Qf3 Nxe5 13. Qg3 d6 14. O-O-O Nxc3 15. Nxc3 Bxc3 16. Qxc3 Qxc3 17. bxc3 d5 18. f4 Ng4 19. Rd2 b6 20. Be2 Ne3 21. Bf3 Ba6 22. Be2 Bb7 23. Bf3 Rc8 24. Rd3 Nc4 25. g4 Rc5 26. Rhd1 Rb5 27. Rd4 Ba6 28. Be2 Ra5 29. Bxc4 Bxc4 30. h4 Rxa2 31. h5 Ra5 32. h6 Be2 33. Re1 Bxg4 34. Kd2 Kf8 35. c4 Bf3 36. cxd5 Bxd5 37. c4 Ra2+ 38. Kc3 Bc6 39. Rd8+ Ke7 40. Rh8 Rh2 41. Rxh7 Rh5 42. Rg1 Kf6 43. Rd1 Rh3+ 44. Kb4 a5# 0-1

[Event "Quebec-ch w"]
[Site "Montreal CAN"]
[Date "1999.05.30"]
[Round "5"]
[White "Luraschi, Julia"]
[Black "Paradis, Francine"]
[Result "0-1"]
[WhiteElo "1414"]
[BlackElo "1389"]
[PlyCount "86"]
[GameId "2160767911808956"]
[EventDate "1999.05.28"]
[EventType "swiss"]
[EventRounds "5"]
[EventCountry "CAN"]

1. e4 c5 2. Nf3 d6 3. d4 cxd4 4. Nxd4 Nf6 5. Nc3 a6 6. Bd3 e6 7. O-O Be7 8. Re1 Nbd7 9. Nb3 Ne5 10. Bf1 O-O 11. Be3 b5 12. a3 Bb7 13. Nd2 Neg4 14. Bf4 Qb6 15. Be3 Nxe3 16. Rxe3 Rfd8 17. Rg3 e5 18. Nd5 Bxd5 19. exd5 Qd4 20. Nf3 Qc5 21. Nh4 Ne4 22. Rxg7+ Kf8 23. Qg4 Qxf2+ 24. Kh1 Bxh4 25. Rg8+ Ke7 26. Rxd8 Nf6 27. Qxh4 Qxh4 28. Rxa8 Ng4 29. h3 Nf2+ 30. Kg1 Qd4 31. Rxa6 Nxh3+ 32. Kh2 Nf2 33. c3 Qh4+ 34. Kg1 Ng4 35. Ra7+ Kf6 36. Bxb5 Qh2+ 37. Kf1 Qh1+ 38. Ke2 Qxa1 39. Kf3 Nh2+ 40. Kg3 Nf1+ 41. Kh3 Ne3 42. Kg3 Qxb2 43. Kf3 Qxb5 0-1

[Event "Quebec-ch w"]
[Site "Montreal CAN"]
[Date "1999.05.30"]
[Round "5"]
[White "Strassmann, Swantje"]
[Black "Khaziyeva, Dinara"]
[Result "1-0"]
[WhiteElo "2115"]
[BlackElo "1776"]
[PlyCount "55"]
[GameId "2160767911808957"]
[EventDate "1999.05.28"]
[EventType "swiss"]
[EventRounds "5"]
[EventCountry "CAN"]

1. e4 c5 2. Nf3 Nf6 3. Nc3 d5 4. exd5 Nxd5 5. d4 Nxc3 6. bxc3 e6 7. Be2 Be7 8. O-O O-O 9. Bf4 Nc6 10. Qd2 a6 11. Rfd1 Qa5 12. Qe3 Rd8 13. Ne5 Bd7 14. Nc4 cxd4 15. cxd4 Qf5 16. Bd3 Qh5 17. Nb6 Ra7 18. Bc7 Raa8 19. c3 Bf6 20. Rab1 Ne7 21. Bxd8 Rxd8 22. Nxd7 Rxd7 23. Qe4 Nd5 24. Rdc1 b5 25. c4 Nb6 26. cxb5 Rxd4 27. Qc6 Rxd3 28. Qe8# 1-0

[Event "RA Active"]
[Site "Ottawa CAN"]
[Date "1999.10.28"]
[Round "1"]
[White "Pacey, Kevin"]
[Black "Veltmann, Alfred"]
[Result "0-1"]
[WhiteElo "2266"]
[BlackElo "1733"]
[PlyCount "87"]
[GameId "2160767911741946"]
[EventDate "1999.10.28"]
[EventType "swiss (rapid)"]
[EventRounds "4"]
[EventCountry "CAN"]

1. e4 e5 2. Nf3 Nc6 3. Bc4 Nf6 4. d4 Be7 5. Nxe5 O-O 6. Nxc6 dxc6 7. e5 Nd5 8. O-O f5 9. Nc3 Be6 10. Qf3 Qd7 11. Bxd5 Bxd5 12. Nxd5 Qxd5 13. Qb3 b5 14. Bd2 a5 15. Qxd5+ cxd5 16. a4 b4 17. f4 Ra6 18. Be3 Rc6 19. Rf2 h6 20. h3 g5 21. fxg5 hxg5 22. Raf1 f4 23. Bc1 Rc4 24. Rd1 c5 25. b3 Rc3 26. Bb2 Rg3 27. Rf3 Rxf3 28. gxf3 Rc8 29. Rd2 c4 30. bxc4 Rxc4 31. Rg2 Kf7 32. Kf1 Ke6 33. Ke1 Kf5 34. Kd2 Rc6 35. Rg1 Rh6 36. Rh1 Rc6 37. Kd3 Rc4 38. Ba1 Kg6 39. Rb1 Kh5 40. c3 bxc3 41. Bxc3 Rxa4 42. Rb5 Ra3 43. Rxa5 Rxa5 44. Bxa5 0-1

[Event "RA Active"]
[Site "Ottawa CAN"]
[Date "1999.10.28"]
[Round "2"]
[White "Gumama-Hillyard, A."]
[Black "Pacey, Kevin"]
[Result "0-1"]
[WhiteElo "1350"]
[BlackElo "2266"]
[PlyCount "80"]
[GameId "2160767911741947"]
[EventDate "1999.10.28"]
[EventType "swiss (rapid)"]
[EventRounds "4"]
[EventCountry "CAN"]

1. d4 Nf6 2. e3 d5 3. c4 e6 4. Nc3 Be7 5. Nf3 O-O 6. Bd3 c5 7. Be2 Nc6 8. O-O cxd4 9. exd4 dxc4 10. Bxc4 a6 11. d5 Na5 12. b3 b5 13. Be2 b4 14. Na4 Nxd5 15. Be3 Bb7 16. Nc5 Nc3 17. Qc2 Bd5 18. Nxa6 Be4 19. Qb2 Nxe2+ 20. Qxe2 Bd3 21. Rfd1 Bxe2 22. Rxd8 Raxd8 23. Bc5 Bxc5 24. Nxc5 Rd1+ 25. Rxd1 Bxd1 26. Ne5 Rc8 27. Ned7 Nb7 28. Nxb7 Rc1 29. f3 Bxf3+ 30. Kf2 Bxb7 31. h4 Rc2+ 32. Kg3 Rxg2+ 33. Kf4 Rxa2 34. Nc5 Bd5 35. Nd3 Bxb3 36. Nxb4 Ra4 37. Ke3 Rxb4 38. Kd3 Rxh4 39. Kc3 Rh3+ 40. Kb4 g5 0-1

[Event "RA Active"]
[Site "Ottawa CAN"]
[Date "1999.11.04"]
[Round "3"]
[White "Pacey, Kevin"]
[Black "Marghetis, Aris"]
[Result "1-0"]
[WhiteElo "2266"]
[BlackElo "1797"]
[PlyCount "61"]
[GameId "2160767911741948"]
[EventDate "1999.10.28"]
[EventType "swiss (rapid)"]
[EventRounds "4"]
[EventCountry "CAN"]

1. e4 e5 2. Nf3 d6 3. Bc4 Be7 4. d4 Nd7 5. dxe5 Nxe5 6. Nxe5 dxe5 7. Qh5 Nf6 8. Qxf7+ Kd7 9. O-O Qg8 10. Bb5+ Kd8 11. Rd1+ Bd7 12. Qxg8+ Rxg8 13. Bg5 c6 14. Bc4 Kc7 15. Bxg8 Rxg8 16. Nc3 h6 17. Be3 b6 18. f3 Nh5 19. a4 Ra8 20. a5 b5 21. Ne2 g5 22. Nc1 a6 23. Nb3 Nf4 24. Bb6+ Kc8 25. Bc5 Bf6 26. Rd6 Ne6 27. Rad1 Nxc5 28. Nxc5 Be7 29. Nxd7 Bxd6 30. Nb6+ Kb7 31. Rxd6 1-0

[Event "RA Active"]
[Site "Ottawa CAN"]
[Date "1999.11.04"]
[Round "4"]
[White "Marshall, Peter"]
[Black "Pacey, Kevin"]
[Result "1-0"]
[WhiteElo "1858"]
[BlackElo "2266"]
[PlyCount "59"]
[GameId "2160767911741949"]
[EventDate "1999.10.28"]
[EventType "swiss (rapid)"]
[EventRounds "4"]
[EventCountry "CAN"]

1. d4 d5 2. c4 c6 3. Nf3 Nf6 4. Nc3 dxc4 5. e4 b5 6. e5 Nd5 7. a4 e6 8. axb5 Nxc3 9. bxc3 cxb5 10. Ng5 Bb7 11. Qh5 g6 12. Qh3 Qd5 13. f3 Nc6 14. Ne4 Be7 15. Be3 b4 16. Kf2 O-O-O 17. Be2 g5 18. Qh5 Rhg8 19. cxb4 f5 20. exf6 Bxb4 21. Rhc1 g4 22. Qxh7 Rh8 23. Qg7 Rdg8 24. Bxc4 Qf5 25. Qf7 Re8 26. Bd3 Re7 27. Qxe7 Bxe7 28. Nd6+ Bxd6 29. Bxf5 exf5 30. d5 1-0

[Event "RA O'Keefe"]
[Site "Ottawa CAN"]
[Date "1999.09.09"]
[Round "1"]
[White "Pacey, Kevin"]
[Black "De Kerpel, Stijn"]
[Result "1-0"]
[WhiteElo "2319"]
[BlackElo "2080"]
[PlyCount "21"]
[GameId "2160767911742187"]
[EventDate "1999.09.09"]
[EventType "swiss"]
[EventRounds "7"]
[EventCountry "CAN"]

1. e4 d5 2. exd5 Qxd5 3. Nc3 Qa5 4. Nf3 Nf6 5. Bc4 Bf5 6. d3 e6 7. Bd2 c6 8. Qe2 Bb4 9. Nd4 O-O 10. a3 Nbd7 11. Nb3 1-0

[Event "RA O'Keefe"]
[Site "Ottawa CAN"]
[Date "1999.09.16"]
[Round "2"]
[White "Radovic, Aleksandar"]
[Black "Pacey, Kevin"]
[Result "0-1"]
[WhiteElo "1736"]
[BlackElo "2319"]
[PlyCount "46"]
[GameId "2160767911742188"]
[EventDate "1999.09.09"]
[EventType "swiss"]
[EventRounds "7"]
[EventCountry "CAN"]

1. Nf3 Nf6 2. g3 g6 3. Bg2 Bg7 4. O-O O-O 5. c4 d5 6. cxd5 Nxd5 7. Nc3 Nc6 8. Qb3 Nb6 9. d3 Be6 10. Qd1 h6 11. Bf4 Nd5 12. Qc1 Nxf4 13. Qxf4 Qd6 14. Qxd6 cxd6 15. a3 Rab8 16. e3 Rfc8 17. d4 Na5 18. Nd2 Nc4 19. Nxc4 Rxc4 20. Rfc1 Kf8 21. Bd5 Rxc3 22. Bxe6 Rxc1+ 23. Rxc1 fxe6 0-1

[Event "RA O'Keefe"]
[Site "Ottawa CAN"]
[Date "1999.09.23"]
[Round "3"]
[White "Pacey, Kevin"]
[Black "Djerkovic, Miladin"]
[Result "1-0"]
[WhiteElo "2319"]
[BlackElo "2310"]
[PlyCount "69"]
[GameId "2160767911742189"]
[EventDate "1999.09.09"]
[EventType "swiss"]
[EventRounds "7"]
[EventCountry "CAN"]

1. e4 e5 2. Nf3 Nc6 3. Bc4 Bc5 4. b4 Bxb4 5. c3 Be7 6. d4 Na5 7. Nxe5 Nxc4 8. Nxc4 d5 9. exd5 Qxd5 10. Ne3 Qd8 11. O-O Nf6 12. c4 O-O 13. Nc3 Re8 14. Rb1 c6 15. Bb2 Bb4 16. d5 Bxc3 17. Bxc3 cxd5 18. cxd5 Ne4 19. Qd4 f6 20. Rfc1 b6 21. Bb4 Bd7 22. d6 a5 23. Ba3 b5 24. Rc7 b4 25. Bb2 Kh8 26. Qd5 Ra6 27. Qf7 Rxd6 28. Nf5 Rg8 29. Nxd6 Qxc7 30. Nxe4 Qc2 31. Rf1 Be8 32. Nd6 Qxb2 33. Nxe8 a4 34. Nd6 b3 35. Qxb3 1-0

[Event "RA O'Keefe"]
[Site "Ottawa CAN"]
[Date "1999.09.30"]
[Round "4"]
[White "Saleh, Maher"]
[Black "Pacey, Kevin"]
[Result "0-1"]
[WhiteElo "2306"]
[BlackElo "2319"]
[PlyCount "80"]
[GameId "2160767911742190"]
[EventDate "1999.09.09"]
[EventType "swiss"]
[EventRounds "7"]
[EventCountry "CAN"]

1. Nf3 b6 2. g3 Bb7 3. Bg2 g6 4. O-O Bg7 5. d4 e6 6. c4 d6 7. Nc3 Ne7 8. b3 Nd7 9. Bb2 O-O 10. e4 h6 11. Re1 a6 12. Qd2 Nf6 13. d5 e5 14. b4 Nd7 15. Rec1 f5 16. exf5 gxf5 17. Ne1 Ng6 18. Nd3 e4 19. Nf4 Nxf4 20. Qxf4 Ne5 21. Bf1 Qe7 22. Be2 Ng6 23. Qd2 f4 24. Nd1 e3 25. fxe3 fxe3 26. Qc2 Bxb2 27. Nxb2 Qg5 28. Rf1 Nf4 29. Nd3 Nxe2+ 30. Qxe2 Rae8 31. Rxf8+ Rxf8 32. Re1 Re8 33. Nf4 Bc8 34. Qd3 Bf5 35. Qc3 Re4 36. Ng2 e2 37. Qf3 Qg4 38. Qxg4+ Bxg4 39. Rc1 Rd4 40. Rc2 Rd1+ 0-1

[Event "RA O'Keefe"]
[Site "Ottawa CAN"]
[Date "1999.10.07"]
[Round "5"]
[White "Pacey, Kevin"]
[Black "Abt, Michael"]
[Result "1-0"]
[WhiteElo "2319"]
[BlackElo "1700"]
[PlyCount "57"]
[GameId "2160767911742191"]
[EventDate "1999.09.09"]
[EventType "swiss"]
[EventRounds "7"]
[EventCountry "CAN"]

1. d4 d5 2. c4 Nc6 3. Nf3 Nf6 4. cxd5 Nxd5 5. e4 Nb6 6. d5 Nb8 7. Nc3 e6 8. Bg5 f6 9. Be3 Bb4 10. Qb3 Bxc3+ 11. bxc3 Qd6 12. Bb5+ c6 13. dxc6 bxc6 14. Be2 N8d7 15. O-O Rb8 16. Rfd1 Qe7 17. Nd4 Nc5 18. Qa3 Bb7 19. Nf5 exf5 20. Bxc5 Qe6 21. Qxa7 Kf7 22. Qxb6 fxe4 23. Qc7+ Kg6 24. Qg3+ Kf7 25. Bc4 Qxc4 26. Rd7+ Ke6 27. Re7+ Kf5 28. Qh3+ Kg6 29. Qg4+ 1-0

[Event "RA O'Keefe"]
[Site "Ottawa CAN"]
[Date "1999.10.14"]
[Round "6"]
[White "Patterson, Roger"]
[Black "Pacey, Kevin"]
[Result "1-0"]
[WhiteElo "2287"]
[BlackElo "2319"]
[PlyCount "89"]
[GameId "2160767911742192"]
[EventDate "1999.09.09"]
[EventType "swiss"]
[EventRounds "7"]
[EventCountry "CAN"]

1. e4 e6 2. d4 d5 3. Nc3 Bb4 4. e5 c5 5. a3 Bxc3+ 6. bxc3 Ne7 7. Nf3 Bd7 8. Bd3 Ba4 9. O-O Qc7 10. Re1 Nd7 11. dxc5 Nxc5 12. Qd2 Ne4 13. Bxe4 dxe4 14. Rxe4 Bc6 15. Re1 Bxf3 16. gxf3 Qc6 17. Re4 O-O 18. c4 Rfd8 19. Qe2 Nf5 20. Bb2 Rac8 21. Rd1 Qb6 22. Bc3 Rxd1+ 23. Qxd1 Rd8 24. Qe1 Qc6 25. Qe2 h6 26. Ba5 Rd7 27. Bb4 Qb6 28. Kg2 a5 29. Bd6 Nxd6 30. exd6 Qxd6 31. Qe1 b6 32. Qc3 Qe7 33. Rd4 Qf6 34. Rd3 Qg5+ 35. Kf1 Rc7 36. Rd4 e5 37. Rd5 Qc1+ 38. Ke2 Qf4 39. c5 e4 40. Qe5 Qxf3+ 41. Ke1 Rc8 42. c6 Qxa3 43. c7 e3 44. Rd8+ Kh7 45. Qf5+ 1-0

[Event "RA Spring op"]
[Site "Ottawa CAN"]
[Date "1999.03.20"]
[Round "1"]
[White "Hergott, Deen"]
[Black "Pacey, Kevin"]
[Result "1-0"]
[WhiteElo "2529"]
[BlackElo "2278"]
[PlyCount "59"]
[GameId "2160767911805338"]
[EventDate "1999.03.20"]
[EventType "swiss"]
[EventRounds "5"]
[EventCountry "CAN"]

1. d4 d5 2. Nf3 Nc6 3. c4 Bg4 4. Ne5 Nxe5 5. dxe5 dxc4 6. Qa4+ Qd7 7. Qxc4 O-O-O 8. Nc3 Be6 9. Qc5 b6 10. Qa3 Kb8 11. e4 Bg4 12. f3 e6 13. Qb3 Bh5 14. Be3 Be7 15. Ba6 Nh6 16. a4 Qc6 17. a5 Bh4+ 18. Ke2 f5 19. exf6 Bxf6 20. Ra4 Bf7 21. axb6 cxb6 22. Rha1 Bxc3 23. bxc3 e5 24. Qb2 Be8 25. Rb4 Rd6 26. c4 Rg6 27. Kf1 Qf6 28. c5 Ng4 29. Bg1 Bc6 30. cxb6 1-0

[Event "RA Spring op"]
[Site "Ottawa CAN"]
[Date "1999.03.20"]
[Round "1"]
[White "Watson, Mark"]
[Black "Veltmann, Alfred"]
[Result "1/2-1/2"]
[WhiteElo "1755"]
[BlackElo "1943"]
[PlyCount "70"]
[GameId "2160767911805339"]
[EventDate "1999.03.20"]
[EventType "swiss"]
[EventRounds "5"]
[EventCountry "CAN"]

1. d4 e6 2. e4 d5 3. e5 c5 4. c3 Nc6 5. Nf3 Bd7 6. Be3 Qb6 7. Qb3 Qxb3 8. axb3 cxd4 9. Bxd4 Nge7 10. Bd3 Ng6 11. g3 Nxd4 12. cxd4 a6 13. Nc3 Bb4 14. Ke2 Rc8 15. Rhc1 Ne7 16. Na4 O-O 17. Nb6 Rxc1 18. Rxc1 Bc6 19. h4 Nc8 20. Na4 Re8 21. Nc5 Ne7 22. Ne1 Rc8 23. Nc2 Bxc5 24. dxc5 Bd7 25. Nd4 h6 26. b4 f6 27. f4 f5 28. Ke3 Nc6 29. Nxc6 Bxc6 30. Kd4 Kf7 31. Be2 g5 32. hxg5 hxg5 33. Rh1 Kg6 34. Bh5+ Kg7 35. Be2 g4 1/2-1/2

[Event "RA Spring op"]
[Site "Ottawa CAN"]
[Date "1999.03.20"]
[Round "2"]
[White "Pacey, Kevin"]
[Black "Voloaca, Mihnea"]
[Result "1-0"]
[WhiteElo "2278"]
[BlackElo "2252"]
[PlyCount "73"]
[GameId "2160767911805340"]
[EventDate "1999.03.20"]
[EventType "swiss"]
[EventRounds "5"]
[EventCountry "CAN"]

1. e4 e5 2. Nf3 Nc6 3. Bc4 Be7 4. d4 exd4 5. c3 dxc3 6. Qd5 Nh6 7. Bxh6 O-O 8. Bxg7 Kxg7 9. Nxc3 d6 10. Qh5 Bf6 11. Nd5 Ne5 12. Nxe5 Bxe5 13. O-O c6 14. Ne3 Qf6 15. Rad1 Qg6 16. Qh4 Qf6 17. Qxf6+ Kxf6 18. b3 Bf4 19. Rfe1 Ke7 20. g3 Be5 21. Nf5+ Bxf5 22. exf5 Kf6 23. f4 Bc3 24. Rxd6+ Kg7 25. Red1 Ba5 26. f6+ Kg8 27. Rd7 Rab8 28. g4 b5 29. Be2 Rbd8 30. Kg2 Bb6 31. g5 Rde8 32. Bf3 b4 33. Kg3 Re3 34. Kg4 Rc3 35. Be4 Be3 36. Rd8 Rxd8 37. Rxd8# 1-0

[Event "RA Spring op"]
[Site "Ottawa CAN"]
[Date "1999.03.20"]
[Round "2"]
[White "Veltmann, Alfred"]
[Black "Handelman, Michael"]
[Result "1-0"]
[WhiteElo "1943"]
[BlackElo "1833"]
[PlyCount "155"]
[GameId "2160767911805341"]
[EventDate "1999.03.20"]
[EventType "swiss"]
[EventRounds "5"]
[EventCountry "CAN"]

1. e4 c5 2. Nf3 d6 3. Bb5+ Bd7 4. Qe2 Nc6 5. c3 a6 6. Bxc6 Bxc6 7. d4 g6 8. Na3 Bg7 9. d5 Bd7 10. Nc4 b5 11. Ne3 e5 12. dxe6 Bxe6 13. Nd5 Bxd5 14. exd5+ Qe7 15. Bf4 Qxe2+ 16. Kxe2 Kd7 17. Ng5 Nh6 18. Ne4 Rae8 19. Kf3 Nf5 20. g3 h6 21. h4 Be5 22. Rhe1 Bg7 23. Rh1 Be5 24. Rae1 Kc7 25. g4 Nxh4+ 26. Rxh4 Bxf4 27. Rhh1 f5 28. gxf5 gxf5 29. Nf6 Ref8 30. Kxf4 Rxf6 31. Rh5 Kd7 32. Reh1 Ke7 33. Rxf5 Rhf8 34. Rxf6 Kxf6 35. Rxh6+ Ke7+ 36. Ke3 Rf5 37. Rh7+ Kf6 38. Ra7 Rxd5 39. Rxa6 Re5+ 40. Kd3 Ke6 41. a4 bxa4 42. Rxa4 Rd5+ 43. Ke3 Rd1 44. b4 cxb4 45. Rxb4 Rc1 46. Kd2 Rf1 47. Rf4 Ke5 48. Rf8 Kd5 49. Ke2 Rc1 50. Rc8 Ke4 51. Re8+ Kd5 52. Re3 Rc2+ 53. Ke1 Ra2 54. Rd3+ Ke5 55. Rd2 Ra3 56. Rc2 Ke4 57. Ke2 Ra4 58. c4 Kd4 59. Rd2+ Kxc4 60. Rxd6 Kc5 61. Rd2 Ra8 62. f4 Rf8 63. Kf3 Kc6 64. Rd4 Kc5 65. Rd7 Kc6 66. Ra7 Kd5 67. Ra5+ Ke6 68. Ke4 Ke7 69. Ke5 Rc8 70. Ra7+ Kf8 71. f5 Rc5+ 72. Kf6 Rc6+ 73. Kg5 Rc5 74. Kf6 Rc6+ 75. Kg5 Rc5 76. Kg6 Rc6+ 77. f6 Ke8 78. Kg7 1-0

[Event "RA Spring op"]
[Site "Ottawa CAN"]
[Date "1999.03.20"]
[Round "3"]
[White "Danilov, Alex"]
[Black "Veltmann, Alfred"]
[Result "1-0"]
[WhiteElo "1950"]
[BlackElo "1943"]
[PlyCount "118"]
[GameId "2160767911805342"]
[EventDate "1999.03.20"]
[EventType "swiss"]
[EventRounds "5"]
[EventCountry "CAN"]

1. c4 Nf6 2. g3 e5 3. Nc3 c6 4. Nf3 d6 5. Bg2 Be7 6. e4 Nbd7 7. d4 O-O 8. O-O Re8 9. Qc2 Bf8 10. Rd1 Qc7 11. h3 a6 12. Be3 c5 13. dxe5 dxe5 14. Nd5 Qc6 15. Rd2 h6 16. Rad1 Nh7 17. Nh2 Rb8 18. f4 f6 19. Nf3 g5 20. Kh2 Kf7 21. Rf1 Kg7 22. Rdf2 Bd6 23. fxg5 hxg5 24. Kg1 Rf8 25. Nh2 Nb6 26. b3 Be6 27. Qd1 Nd7 28. Qh5 Rh8 29. Qd1 Rbf8 30. Rd2 Bb8 31. Ne7 Qc7 32. Nf5+ Bxf5 33. exf5 Rd8 34. Be4 Nb6 35. Qf3 Rxd2 36. Bxd2 Rd8 37. Rd1 Rd7 38. Ba5 Nf8 39. Rxd7+ Nfxd7 40. Qh5 Qd6 41. Qg6+ Kf8 42. Qh6+ Kg8 43. Bc3 Nf8 44. Qh5 Nbd7 45. Qf3 b6 46. Bd5+ Kg7 47. Qe4 b5 48. Nf3 b4 49. Bd2 Nb6 50. h4 Nh7 51. hxg5 Nxd5 52. cxd5 fxg5 53. Bxg5 Nf6 54. Bxf6+ Kxf6 55. g4 a5 56. g5+ Kf7 57. Kg2 Qa6 58. Kh3 Qf1+ 59. Kg4 Qg2+ 1-0

[Event "RA Spring op"]
[Site "Ottawa CAN"]
[Date "1999.03.21"]
[Round "4"]
[White "Djerkovic, Miladin"]
[Black "Pacey, Kevin"]
[Result "1/2-1/2"]
[WhiteElo "2357"]
[BlackElo "2278"]
[PlyCount "156"]
[GameId "2160767911805343"]
[EventDate "1999.03.20"]
[EventType "swiss"]
[EventRounds "5"]
[EventCountry "CAN"]

1. e4 e6 2. d4 d5 3. Nc3 Bb4 4. e5 c5 5. a3 Bxc3+ 6. bxc3 Ne7 7. Nf3 Qa5 8. Bd2 Nbc6 9. a4 Bd7 10. Bb5 c4 11. O-O O-O-O 12. Bc1 a6 13. Bxc6 Nxc6 14. Qd2 f6 15. Ba3 fxe5 16. dxe5 d4 17. cxd4 Qxd2 18. Nxd2 Nxd4 19. Nxc4 Nxc2 20. Bd6 b5 21. Na5 Nxa1 22. Rc1+ Bc6 23. Rxc6+ Kd7 24. Rc7+ Ke8 25. Rc1 bxa4 26. Rxa1 Rc8 27. g3 Kf7 28. Rxa4 Rc1+ 29. Kg2 Rhc8 30. Nb7 Ra8 31. Nc5 a5 32. Nb3 Rb1 33. Nxa5 Kg8 34. Rf4 g5 35. Rb4 Rxb4 36. Bxb4 g4 37. Nc6 Kg7 38. Bd6 Kf7 39. Nd4 Ra2 40. Nb5 Kg6 41. Nc3 Rc2 42. Ne4 Re2 43. Nf6 h5 44. Nd7 Kf5 45. Nc5 Rd2 46. Nb3 Rd3 47. Na5 Rd2 48. Nc4 Ra2 49. Nb6 Rb2 50. Nd7 Rc2 51. Nf6 Kg6 52. Ne8 Rd2 53. Bc7 Rb2 54. Nd6 Re2 55. Nb5 Rd2 56. Nd6 Re2 57. Nb7 Kf5 58. Nc5 Rc2 59. Bd6 Rd2 60. h3 Rd1 61. hxg4+ hxg4 62. Na4 Rd2 63. Nc3 Rd3 64. Ne2 Rd2 65. Nf4 Rd1 66. Kh2 Rf1 67. Kg2 Rd1 68. Nh5 Kg6 69. Nf6 Kf5 70. Nh7 Kg6 71. Nf8+ Kf5 72. Nd7 Rc1 73. Nc5 Ra1 74. Nd3 Rd1 75. Nb2 Rc1 76. Nd3 Rd1 77. Nb2 Rc1 78. Nd3 Rd1 1/2-1/2

[Event "RA Spring op"]
[Site "Ottawa CAN"]
[Date "1999.05.21"]
[Round "4"]
[White "Veltmann, Alfred"]
[Black "Benggawan, Undriadi"]
[Result "0-1"]
[WhiteElo "1943"]
[BlackElo "1889"]
[PlyCount "43"]
[GameId "2160767911805344"]
[EventDate "1999.03.20"]
[EventType "swiss"]
[EventRounds "5"]
[EventCountry "CAN"]

1. e4 d5 2. exd5 Nf6 3. Bb5+ Nbd7 4. Nc3 a6 5. Be2 Nb6 6. d4 Nbxd5 7. Nxd5 Nxd5 8. Nf3 Bf5 9. c3 c6 10. O-O Qc7 11. Re1 e6 12. Ne5 Bd6 13. Bd3 Bxd3 14. Qxd3 O-O-O 15. g3 Nf6 16. b3 Bxe5 17. Rxe5 Qxe5 18. dxe5 Rxd3 19. exf6 Rhd8 20. Kg2 gxf6 21. Bb2 Rd1 22. c4 0-1

[Event "RA Spring op"]
[Site "Ottawa CAN"]
[Date "1999.03.21"]
[Round "5"]
[White "Jagla, Frank"]
[Black "Veltmann, Alfred"]
[Result "1-0"]
[WhiteElo "1946"]
[BlackElo "1943"]
[PlyCount "94"]
[GameId "2160767911805345"]
[EventDate "1999.03.20"]
[EventType "swiss"]
[EventRounds "5"]
[EventCountry "CAN"]

1. d4 Nf6 2. c4 g6 3. Nc3 Bg7 4. e4 O-O 5. Be3 d6 6. Be2 e5 7. dxe5 dxe5 8. Qc2 c6 9. h3 Be6 10. Nf3 Nbd7 11. Ng5 Qe7 12. O-O h6 13. Nxe6 Qxe6 14. Rad1 Rad8 15. Rd2 Nb6 16. Rfd1 Rxd2 17. Rxd2 Nxc4 18. Bxc4 Qxc4 19. b3 Qe6 20. Qd1 Qe7 21. Na4 b6 22. f3 Rc8 23. Nb2 Kh7 24. Nc4 Rc7 25. Kf2 Rd7 26. Rxd7 Nxd7 27. Qd6 Qxd6 28. Nxd6 Bf8 29. Nc8 Ba3 30. Nxa7 c5 31. Ke2 Bb2 32. Kd3 h5 33. Kc4 Bd4 34. Bd2 f5 35. exf5 gxf5 36. Kd5 Nf6+ 37. Ke6 Kg6 38. Nc6 e4 39. Ne7+ Kh7 40. Nxf5 exf3 41. gxf3 Bb2 42. Bg5 Kg6 43. Bxf6 Bxf6 44. f4 b5 45. Nd6 Bd4 46. Nxb5 Be3 47. Ke5 Kf7 1-0

[Event "RA Spring op"]
[Site "Ottawa CAN"]
[Date "1999.03.21"]
[Round "5"]
[White "Pacey, Kevin"]
[Black "Valdizon, Armando"]
[Result "1/2-1/2"]
[WhiteElo "2278"]
[BlackElo "2300"]
[PlyCount "53"]
[GameId "2160767911805346"]
[EventDate "1999.03.20"]
[EventType "swiss"]
[EventRounds "5"]
[EventCountry "CAN"]

1. e4 e6 2. d4 d5 3. Nc3 Nf6 4. Bg5 Be7 5. e5 Nfd7 6. h4 a6 7. Qg4 f5 8. Qh5+ g6 9. Qh6 Bxg5 10. hxg5 Qe7 11. Nge2 Nf8 12. Nf4 Qf7 13. Be2 Rg8 14. Bf3 c6 15. Nce2 Nbd7 16. O-O-O Nb6 17. g4 Bd7 18. gxf5 Qxf5 19. Qh3 Qxg5 20. Rdg1 Qe7 21. Nh5 O-O-O 22. Nf6 Rg7 23. Qh6 Rf7 24. c3 Nc4 25. Ng8 Qe8 26. Nf6 Qe7 27. Ng8 1/2-1/2

[Event "RA Spring op"]
[Site "Ottawa CAN"]
[Date "1999.03.21"]
[Round "5"]
[White "Webb, Robert"]
[Black "Daku, Zoltan"]
[Result "1-0"]
[WhiteElo "1800"]
[BlackElo "1704"]
[PlyCount "83"]
[GameId "2160767911805347"]
[EventDate "1999.03.20"]
[EventType "swiss"]
[EventRounds "5"]
[EventCountry "CAN"]

1. d4 d5 2. c4 Nf6 3. cxd5 Qxd5 4. Nf3 e6 5. Nc3 Bb4 6. Bd2 Bxc3 7. Bxc3 O-O 8. g3 Nc6 9. Bg2 Qd8 10. O-O Re8 11. Ne5 Nxe5 12. dxe5 Nd5 13. Bd4 b6 14. e4 Ne7 15. f4 Bb7 16. Rf2 c5 17. Bc3 Qc7 18. Qg4 Rad8 19. h4 Kh8 20. Re1 Nc6 21. h5 h6 22. Bf1 Nd4 23. Bd3 c4 24. Bb1 b5 25. f5 Qxe5 26. fxe6 Qxe6 27. Qf4 f6 28. Qe3 Nc6 29. Rxf6 gxf6 30. Qxh6+ Kg8 31. Qg6+ Kf8 32. Rf1 Rd1 33. Rxd1 Ne5 34. Bxe5 Qxe5 35. Rd7 Re7 36. Rd8+ Re8 37. Rxe8+ Qxe8 38. Qxf6+ Qf7 39. Qe5 Qd7 40. Qh8+ Ke7 41. Qg7+ Ke8 42. Qxd7+ 1-0